| 000 | 00925nam a2200301Ia 4500 | ||
|---|---|---|---|
| 001 | Para_6121 | ||
| 003 | CHAP | ||
| 008 | 220125s1951 xx 000 0 und d | ||
| 010 | _a204901 | ||
| 040 | _cCHAP | ||
| 090 | _aPA FOLLETO 249 | ||
| 100 |
_aMckelvey, John J. _9170839 |
||
| 245 |
_aBiología y control de los picudos del género APION que atacan al frijol en México / _c por John J. Mckelvey [et. al.] |
||
| 260 |
_aMéxico : _b SAG. Oficina de Estudios Especiales |
||
| 300 | _a42 p. | ||
| 650 |
_aApion godmani _96295 |
||
| 650 |
_aControl de Plagas _927595 |
||
| 650 |
_aFrijol _x plagas _943415 |
||
| 700 |
_aMckelvey, John _9170840 |
||
| 710 |
_aMéxico. Secretaría de Agricultura y Ganadería _977111 |
||
| 901 | _aPA FOLLETO 249 | ||
| 902 | _aA | ||
| 905 | _a0000001951 a 0000000000 00 | ||
| 910 | _a1951 | ||
| 942 | _cPARA | ||
| 942 |
_cPARA _d1 |
||
| 999 |
_c204901 _d204901 |
||